| 000 | 00502cam a22002051a 4500 | ||
|---|---|---|---|
| 001 | sa 68016024 | ||
| 003 | DLC | ||
| 005 | 20260227112651.0 | ||
| 008 | 950414s1966 io 000 1 ind | ||
| 010 | _asa 68016024 | ||
| 025 | _aPL480:Indo-4961 | ||
| 035 | _a(OCoLC)32305820 | ||
| 040 |
_aDLC _cWU _dDLC |
||
| 042 | _apremarc | ||
| 050 | 0 | 0 |
_aPL5089.S775 _bD5 |
| 100 | 1 | _aSungkono, Ning. | |
| 245 | 1 | 0 | _aDigondol brandal. |
| 260 |
_aSala : _b"Mutiara Press," _c1966. |
||
| 300 |
_a42 p. ; _c14 cm. |
||
| 999 |
_c86870 _d86870 |
||